000 00577 a2200169 4500
003 NUST
005 20221228181623.0
040 _cNust
082 _a355.43,STR
245 _aStrategic Military Deception /
_cedited by Donald C. Daniel, Katherine L. Herbig
260 _aPakistan
_bService Book Club
_c1985
300 _a378,p.;
505 _aPart -1:- Theoretical Perspectives (Page-3), Part -2:- Deception as Practiced (Page-177), Part 3:- Conclusion (Page-355).
600 _aDonald C Daniel
_948796
650 _aStrategic Military
_9106282
942 _2ddc
_cBK
_k355.43,STR
999 _c186190
_d186190